<?xml version="1.0" encoding="UTF-8"?>
<collection xmlns:xsi="http://www.w3.org/2001/XMLSchema-instance" xsi:schemaLocation="http://www.loc.gov/MARC21/slim http://www.loc.gov/standards/marcxml/schema/MARC21slim.xsd" xmlns="http://www.loc.gov/MARC21/slim">
 <record>
  <leader>00000ctm a22000004a 4500</leader>
  <controlfield tag="001">UP-99796217605993730</controlfield>
  <controlfield tag="003">Buklod</controlfield>
  <controlfield tag="005">20230503092542.0</controlfield>
  <controlfield tag="006">m     o  j        </controlfield>
  <controlfield tag="007">ta</controlfield>
  <controlfield tag="008">080210s        xx     d     r    |||| u|</controlfield>
  <datafield tag="035" ind1=" " ind2=" ">
   <subfield code="a">(iLib)UPD-00000369036</subfield>
  </datafield>
  <datafield tag="040" ind1=" " ind2=" ">
   <subfield code="a">DLS</subfield>
  </datafield>
  <datafield tag="041" ind1=" " ind2=" ">
   <subfield code="a">eng</subfield>
  </datafield>
  <datafield tag="090" ind1=" " ind2=" ">
   <subfield code="a">LG 993.5 2001 L4</subfield>
   <subfield code="b">P33</subfield>
  </datafield>
  <datafield tag="100" ind1="1" ind2=" ">
   <subfield code="a">Paderes, Leonardo J.</subfield>
   <subfield code="e">author.</subfield>
  </datafield>
  <datafield tag="245" ind1="1" ind2="0">
   <subfield code="a">The development of a web-based training module for selection and acquisition in library and information centers</subfield>
   <subfield code="c">Leonardo J. Paderes ; Johann Frederick A. Cabbab, adviser.</subfield>
  </datafield>
  <datafield tag="264" ind1=" " ind2="1">
   <subfield code="a">Quezon City : Institute of Library Science, University of the Philippines Diliman</subfield>
   <subfield code="c">2001.</subfield>
  </datafield>
  <datafield tag="300" ind1=" " ind2=" ">
   <subfield code="a">xi, 68 leaves</subfield>
   <subfield code="b">illustrations (some color)</subfield>
  </datafield>
  <datafield tag="500" ind1=" " ind2=" ">
   <subfield code="a">Vita.</subfield>
  </datafield>
  <datafield tag="502" ind1=" " ind2=" ">
   <subfield code="a">Thesis (Bachelor of Library and Information Science)--University of the Philippines Diliman</subfield>
   <subfield code="d">April 2001.</subfield>
  </datafield>
  <datafield tag="520" ind1="3" ind2=" ">
   <subfield code="a">This study aimed at producing a working Web-based Training module for the Selection and Acquisition for Library and Information Resources (WBT).  Can WBT be a useable and acceptable medium in providing another alternative to learning via the Internet?  WBT offers the flexibility and portability wherein the learner takes control over his/her own learning, a convenience most individuals find attractive, since the time and cost of travelling is eliminated.</subfield>
  </datafield>
  <datafield tag="520" ind1="3" ind2=" ">
   <subfield code="a">From the 270 students enrolled during the Academic Year 2000-2001, seventy-three (73) students were selected at random to answer the survey questionnaire.  Forty-seven (64.4 percent) respondents have their own computer at home and thirty-one (42.47 percent) have their own Internet account.  Fifty-seven (78.1 percent) of the respondents are familiar with Distance Education while thirty-two (43.8 percent) are familiar with Web-Based Training (WBT).Most of the respondents stated positive comments saying they would like to  see more courses like the online, including non-LIS courses, since most of the respondents say that it is useful and useable.  Given the choice on whether they would consider taking online courses or classroom-based ones, most of the responses indicated that they would consider it while only three (4.1 percent) stated that they still prefer classroom-based learning.</subfield>
  </datafield>
  <datafield tag="650" ind1="1" ind2="7">
   <subfield code="a">Web-based instruction.</subfield>
  </datafield>
  <datafield tag="650" ind1="1" ind2="7">
   <subfield code="a">Book selection</subfield>
   <subfield code="x">Study and teaching.</subfield>
  </datafield>
  <datafield tag="650" ind1="1" ind2="7">
   <subfield code="a">Acquisitions (Libraries).</subfield>
  </datafield>
  <datafield tag="700" ind1="1" ind2=" ">
   <subfield code="a">Cabbab, Johann Frederick A.</subfield>
   <subfield code="e">adviser.</subfield>
  </datafield>
  <datafield tag="842" ind1=" " ind2=" ">
   <subfield code="a">Thesis</subfield>
  </datafield>
  <datafield tag="905" ind1=" " ind2=" ">
   <subfield code="a">FI</subfield>
  </datafield>
  <datafield tag="905" ind1=" " ind2=" ">
   <subfield code="a">UP</subfield>
  </datafield>
  <datafield tag="852" ind1="0" ind2=" ">
   <subfield code="a">UPD</subfield>
   <subfield code="b">DLS</subfield>
   <subfield code="h">LG 993.5 2001 L4 P33</subfield>
  </datafield>
  <datafield tag="942" ind1=" " ind2=" ">
   <subfield code="a">Thesis</subfield>
  </datafield>
 </record>
</collection>
